Brevi risposte ai quesiti di geografia, storia ed archeologia romana : per la 4. ginnasiale

Gespeichert in:
Bibliographische Detailangaben
1. Verfasser: Berrini, Osvaldo (VerfasserIn)
Format: Buch
Sprache:Italienisch
Erschienen: Torino : Paravia, 1863
Katalog:EDISCO:  Suchergebnis im Bibliothekskatalog
Schulbuchspezifische Eigenschaften:
Schlagworte:
Tags: Tag hinzufügen
Keine Tags, Fügen Sie den ersten Tag hinzu!
Hinzugefügt zu:30.04.2016
Geändert in:04.10.2017

MARC

LEADER 00000aam a22000005 4500
001 23620
003 OSt
005 20171004090836.0
008 160501s1863 it 000 0 ita
040 |c milena maione 
041 1 |a ita 
100 |a Berrini, Osvaldo  |9 2376  |e Author 
245 0 0 |a Brevi risposte ai quesiti di geografia, storia ed archeologia romana :   |b per la 4. ginnasiale /   |c Osvaldo Berrini 
260 |a Torino :   |b Paravia,   |c 1863 
300 |a 1 volume, 1/x ;   |c in 16° 
546 |a ita 
650 4 |a Storia  |9 54  |a Archeologia  |9 2321  |a Geografia  |9 28 
655 |a Soluzionario-Tavola di correzione  |9 923 
690 4 |a Secondaria superiore  |x Ginnasio   |9 3857 
901 |a 5 
942 |2 ddc  |c BK 
999 |c 23608  |d 23608 
999 |c edisco:23608  |d 23608